明日方舟所有六星干员 All six-star operators of Arknights - Statistics

General Stats
  • This quiz has been taken 296 times
    181 since last reset
  • The average score is 64 of 89
Answer Stats
实装年份 Answer % Correct
2019 银灰
95%
2019 能天使
91%
2020
91%
2019
90%
2020 W
90%
2021
89%
2022
89%
2019 艾雅法拉
88%
2019 星熊
88%
2019 斯卡蒂
88%
2019 塞雷娅
86%
2021 假日威龙陈
85%
2023 重岳
85%
2019 推进之王
84%
2022 缄默德克萨斯
84%
2024
84%
2020 棘刺
83%
2021 浊心斯卡蒂
83%
2019 闪灵
82%
2019 夜莺
82%
2020 泥岩
82%
2019
81%
2020
81%
2020 风笛
80%
2020
80%
2019
79%
2021 凯尔希
79%
2020 史尔特尔
78%
2019 伊芙利特
77%
2020 铃兰
77%
2022 玛恩纳
77%
2021 水月
76%
2022 归溟幽灵鲨
76%
2023
76%
2019 安洁莉娜
75%
2021 耀骑士临光
75%
2022 鸿雪
75%
2024 左乐
75%
2019 莫斯提马
74%
2020 温蒂
74%
2021 灰烬
74%
2019 赫拉格
73%
2020 迷迭香
73%
2021 嵯峨
73%
2021 歌蕾蒂娅
73%
2022 澄闪
71%
2023 缪尔赛思
71%
2022 流明
70%
2023 伊内丝
70%
2023 提丰
70%
2023
70%
2020 傀影
69%
2022 斥罪
69%
2020 早露
68%
2022 老鲤
68%
2022 百炼嘉维尔
68%
2023 纯烬艾雅法拉
68%
2020 森蚺
67%
2020 瑕光
67%
2021 空弦
67%
2021 焰尾
67%
2022 艾丽妮
67%
2022 焰影苇草
67%
2022 号角
66%
2022 伺夜
65%
2023 霍尔海雅
65%
2020 刻俄柏
64%
2021 异客
64%
2019 麦哲伦
63%
2023 琳琅诗怀雅
63%
2023 赫德雷
63%
2021 琴柳
62%
2021 灵知
62%
2023 塑心
62%
2022 菲亚梅塔
61%
2022 黑键
61%
2023 淬羽赫默
61%
2021 远牙
60%
2023 仇白
60%
2023 薇薇安娜
60%
2023 圣约送葬人
59%
2022 白铁
57%
2022 多萝西
56%
2024 莱伊
56%
2023 麒麟R夜刀
56%
2021 帕拉斯
55%
2023 涤火杰西卡
55%
2021 卡涅利安
53%
2023 止颂
50%
No matching quizzes found
Score Distribution
Percent of People with Each Score
Percentile by Number Answered
Your Score History
You have not taken this quiz since the last reset